Slovenská národná bibliografia rozpisový rad články

Saved in:
Bibliographic Details
Format: Serial
Language:Slovak
Published: Martin Matica slovenská 1995
Subjects:
Tags: Add Tag
No Tags, Be the first to tag this record!

MARC

LEADER 00000nas2a2200000 4500
001 s102098
005 20230322123646.7
022 |a 0231-9748 
041 0 |a slo 
044 |a SK 
245 1 0 |a Slovenská národná bibliografia  |b rozpisový rad články 
264 1 |a Martin  |b Matica slovenská  |c 1995 
300 |a 2 zv. 
773 0 |w eu_un_cat*s121016 
610 2 0 |a bibliografia 
610 2 0 |a Slovensko